Statistiche per Quiz sulle Isole Salomone

Clicka qui per fare il quiz!

Statistiche generali

  • Questo quiz è stato fatto 224 volte
  • Il punteggio medio è 10 su 15

Statistiche sulle risposte

HintRisposta% Corretto
Paese da cui le Isole Salomone hanno ottenuto la loro indipendenza nel 1978Regno Unito
92%
Paese che ha invaso nel 1942 le Isole SalomoneGiappone
87%
Sport più popolareRugby
84%
Vanuatu
80%
Paesi più viciniPapua Nuova Guinea
79%
CapitaleHoniara
78%
Sottoregione oceanica di cui fanno parte le Isole Salomone{Mela}nesia
76%
Mare che si trova a sud del paeseMare dei {Coralli}
69%
Maggiore settore dell'economiaAgricoltura
68%
Tipo di flauto che è lo strumento tradizionale del paeseFlauto di {Pan}
68%
Mare che si trova a ovest del paeseMare di {Salomone}
60%
La più grande isola dell'arcipelago, luogo di una sanguinosa battaglia della Seconda Guerra MondialeGuadalcanal
51%
Gli stranieri non sono autorizzati a possederla nelle Isole SalomoneTerra
44%
Prima della colonizzazione europea venivano usate come monetaConchiglie
43%
Lingua più parlataPijin
36%

Distribuzione punteggi

Percentile per numero di risposta

Percentuale di utenti per punteggio

I tuoi punteggi nel tempo

Non hai fatto questo quiz